Đổi mới nghiên cứu và giáo dục khoa học xã hội và nhân văn hiện nay /

Guardat en:
Dades bibliogràfiques
Autor principal: Hồ Bá Thâm, TS.
Format: Sách giấy
Idioma:Vietnamese
Publicat: H. : Chính trị Quốc gia, 2006.
Matèries:
Etiquetes: Afegir etiqueta
Sense etiquetes, Sigues el primer a etiquetar aquest registre!
Thư viện lưu trữ: Thư viện Trường Đại học Đà Lạt
LEADER 00747nam a2200289 4500
001 DLU110124629
005 ##20110907
040 # # |a DLU  |b vie 
041 # # |a vie 
044 # # |a vn 
082 # # |a 300.7  |b HO-T 
100 # # |a Hồ Bá Thâm,  |c TS. 
245 # # |a Đổi mới nghiên cứu và giáo dục khoa học xã hội và nhân văn hiện nay /  |c Hồ Bá Thâm. 
260 # # |a H. :  |b Chính trị Quốc gia,  |c 2006. 
300 # # |a 478 tr. ;  |c 21 cm. 
650 # # |a Khoa học xã hội  |x Nghiên cứu. 
923 # # |a 10/2011 
991 # # |a GT 
992 # # |a 31500 
994 # # |a DLU 
900 # # |a True 
911 # # |a Đào Thị Thu Huyền 
925 # # |a G 
926 # # |a A 
927 # # |a SH 
980 # # |a Thư viện Trường Đại học Đà Lạt